Samohodnotenie EFQM podľa modelu výnimočnosti

Koncepcie pre vytváranie systémov manažérstva kvality (SMK). Model výnimočnosti EFQM predstavuje najnáročnejší ale súčasne i najdokonalejší metodický materiál pre rozvoj systémov manažérstva vo svete. Charakteristika 9 hlavných kritérií a 32 subkritérií. Ukážky výsledkov samohodnotenia podľa Modelu...

Descrizione completa

Salvato in:
Dettagli Bibliografici
Autore principale: Grznár, Patrik
Natura: Capitolo di libro
Lingua:slovacco
Soggetti:
Tags: Aggiungi Tag
Nessun Tag, puoi essere il primo ad aggiungerne!!

MARC

LEADER 00000naa a2200000 4500
001 r046084
005 20231002121517.9
041 0 |a slo 
044 |a SK 
245 1 0 |a Samohodnotenie EFQM podľa modelu výnimočnosti  |c Patrik Grznár 
520 |a Koncepcie pre vytváranie systémov manažérstva kvality (SMK). Model výnimočnosti EFQM predstavuje najnáročnejší ale súčasne i najdokonalejší metodický materiál pre rozvoj systémov manažérstva vo svete. Charakteristika 9 hlavných kritérií a 32 subkritérií. Ukážky výsledkov samohodnotenia podľa Modelu výnimočnosti EFQM. Proces samohodnotenia. 
610 2 0 |a systém riadenia kvality 
610 2 0 |a sebahodnotenie 
610 2 0 |a riadenie kvality 
610 2 0 |a modely 
610 2 0 |a model EFQM 
100 1 |a Grznár, Patrik